| 000 | 00458cam a2200181 4500 | ||
|---|---|---|---|
| 001 | D13969 | ||
| 008 | 090401t1901 xxu||||| |||| 00| 0 eng d | ||
| 035 | _a(Sirsi) u12535 | ||
| 041 | _aeng | ||
| 100 | _aStanley, William Ford | ||
| 245 | _aSurveying & levelling instruments theoretically and practically described | ||
| 250 | _a3rd | ||
| 260 |
_aLondon _bE & F N Spon _c1901 |
||
| 350 | _a0 | ||
| 520 | _aShelf 135 | ||
| 942 | _n0 | ||
| 948 | _c04/03/1997 | ||
| 999 |
_c87005 _d87005 |
||